MARC

LEADER 00000nam0a2200000 4500
001 168394
005 20231101222745.0
035 |a (RuTPU)RU\TPU\book\182706 
090 |a 168394 
100 |a 20091028d2009 k y0rusy50 ca 
101 0 |a rus 
102 |a RU 
105 |a a z 100zy 
200 1 |a Немцы России - прошлое, настоящее, перспективы становления  |e материалы Международной научно-практической конференции, 2009 г., Томск  |f Томская немецкая национально-культурная автономия; Томский областной российско-немецкий дом; Томский государственный университет (ТГУ); Общество развития Новосибирск 
210 |a Томск  |c Изд-во ТГУ  |d 2009 
215 |a 112 с.  |c ил. 
606 1 |a Немцы в России  |x История  |2 stltpush  |3 (RuTPU)RU\TPU\subj\67253  |9 83136 
610 1 |a Россия 
610 1 |a Германия 
610 1 |a история 
610 1 |a российские немцы 
610 1 |a германский этнос 
610 1 |a 18 век 
610 1 |a 19 век 
610 1 |a 20 век 
610 1 |a СССР 
610 1 |a переселенцы 
610 1 |a эмигранты 
610 1 |a этнография 
610 1 |a конференции 
686 |a Т3(29=...)л0  |v LBC/SL-A  |2 rubbk 
712 0 2 |a Томская немецкая национально-культурная автономия  |2 stltpush  |3 (RuTPU)RU\TPU\col\15223  |9 26107 
712 0 2 |a Томский областной российско-немецкий дом  |2 stltpush  |3 (RuTPU)RU\TPU\col\15224  |9 26108 
712 0 2 |a Томский государственный университет (ТГУ)  |2 stltpush  |3 (RuTPU)RU\TPU\col\397 
712 0 2 |a Общество развития Новосибирск  |2 stltpush  |3 (RuTPU)RU\TPU\col\15225  |9 26109 
712 1 2 |a Немцы России - прошлое, настоящее, перспективы становления  |b конференциz  |e Томск  |f 2009 
801 1 |a RU  |b 63413507  |c 20091028 
801 2 |a RU  |b 63413507  |c 20091126  |g RCR 
942 |c BK